| 000 | nam a22 7a 4500 | ||
|---|---|---|---|
| 999 |
_c129483 _d129483 |
||
| 008 | 190426b xxu||||| |||| 00| 0 eng d | ||
| 050 | _aBX1939.E3 S683 | ||
| 100 |
_aSokolich, Rev. Alexander F. _946034 |
||
| 245 |
_aCanonnical provisions for universities and Colleges: _ba historical synopsis and a commentary _c/ by Rev. Alexander F. Sokolich |
||
| 260 |
_aWashington, D.C.: _bThe Catholic University of America Press, _c1956. |
||
| 300 |
_ax, 180p. ; _c23cm. |
||
| 440 |
_aThe Catholic University of america Canon Law Studies _nno.373 _946035 |
||
| 650 |
_aUniversities _xcolleges _xCatholic Church _946036 |
||
| 650 |
_aEducation _xCatholic Church _xCanon law _946037 |
||
| 942 |
_2lcc _cMONOGRAPH |
||